Přičinlivý ostrov služeb

Hospodárska situácia na Cypre. Štruktúra cyperskej ekonomiky (1995). Prispôsobovanie sa podmienkam prijatia do Európskej únie.

Salvato in:
Dettagli Bibliografici
Autore principale: Simonian, Aram
Natura: Capitolo di libro
Lingua:ceco
Soggetti:
Tags: Aggiungi Tag
Nessun Tag, puoi essere il primo ad aggiungerne!!

MARC

LEADER 00000naa a2200000 4500
001 r026135
005 20230920093632.7
041 0 |a cze 
044 |a CZ 
245 1 0 |a Přičinlivý ostrov služeb  |c A. Simonian 
520 |a Hospodárska situácia na Cypre. Štruktúra cyperskej ekonomiky (1995). Prispôsobovanie sa podmienkam prijatia do Európskej únie. 
610 2 0 |a situácia hospodárska 
610 2 0 |a Cyprus 
610 2 0 |a integrácia ekonomická medzinárodná 
610 2 0 |a Európska únia 
100 1 |a Simonian, Aram